RC Lens - Tous les joueurs (2010-2020) - Statistiques

Statistiques générales
  • Ce quiz a été pris 25 fois
  • Le résultat moyen est 48 sur 168
Statistiques - réponses
Saisons Nationalité Joueur Nb de matchs % Correct
2018-2020 France Jean-Louis Leca 65
87%
2019-2020 France Florian Sotoca 26
83%
2014-2017 Mauritanie Abdoul Ba 39
74%
2018-2019 Mauritanie El Hadji Ba 30
74%
2010-2011 France Raphaël Varane 23
70%
2013-2017 France Benjamin Bourigeaud 101
65%
2016-2017 Mali Mohamed Fofana 2
65%
2019-2020 France Jonathan Gradit 11
57%
2010-2012 Côte d'Ivoire Serge Aurier 35
57%
2016-2018 Espagne Cristian Lopez 63
52%
2013-2016 Argentine Pablo Chavarria 91
52%
2012-2015 France Rudy Riou 73
52%
2017-2019 Mali Souleymane Diarra 61
52%
2013-2015 Belgique Baptiste Guillaume 33
48%
2015-2017 France Kenny Lala 70
48%
2018-2020 Mali Massadio Haïdara 52
48%
2016-2018 France Abdellah Zoubir 66
43%
2010-2014 Tunisie Alaeddine Yahia 120
43%
2018-2020 Serbie Aleksandar Radovanovic 32
43%
2013-2014 France Alphonse Areola 35
43%
2018-2020 Belgique Guillaume Gillet 48
43%
2011-2012 Haïti Jean-Eudes Maurice 19
43%
2012-2016 Côte d'Ivoire Jean-Philippe Gbamin 91
43%
2011-2016 Madagascar Lalaïna Nomenjanahary 125
43%
2011-2015 France Ludovic Baal 130
43%
2016-2018 France Nicolas Douchez 46
43%
2015-2017, 2018-2020 RD Congo Simon Banza 49
43%
2010-2014 France Alassane Touré 50
39%
2018-2020 Sénégal Arial Mendy 20
39%
2019-2020 France Gaëtan Robail 24
39%
2010-2011 Tunisie Issam Jemâa 26
39%
2011-2012 Belgique Thorgan Hazard 14
39%
2012-2016 France Wylan Cyprien 102
39%
2019-2020 France Yannick Cahuzac 24
39%
2013-2015 Tunisie Yoann Touzghar 88
39%
2013-2015 Maroc Ahmed Kantari 59
35%
2010-2013 Belgique David Pollet 72
35%
2010-2012 Centrafrique Geoffroy Kondogbia 35
35%
2016-2018 Angleterre John Bostock 42
35%
2010-2011 Serbie Nenad Kovacevic 16
35%
2010-2011 France Toifilou Maoulida 31
35%
2010-2011 Croatie Vedran Runje 32
35%
2010-2013 France Yohan Demont 100
35%
2013-2015 France Adamo Coulibaly 64
30%
2014-2015 Mali Boubacar Sylla 7
30%
2018-2020 Mali Cheick Doucouré 48
30%
2019-2020 Mali Cheick Traoré 10
30%
2017-2019 Burkina Faso Cyrille Bayala 35
30%
2012-2016 Sénégal Deme N'Diaye 74
30%
2015-2018 Serbie Dusan Cvetinovic 80
30%
2016-2019 Haïti Jean-Kévin Duverne 89
30%
2016-2019 France Jean-Ricner Bellegarde 55
30%
2015-2016, 2017-2019 France Jérémy Vachoux 50
30%
2012-2015 France Jérôme Le Moigne 92
30%
2019-2020 Guinée Jules Keita 4
30%
2016-2018 Egypte Karim Hafez 43
30%
2015-2017 France Mathias Autret 70
30%
2016-2020 France Mounir Chouiar 38
30%
2012-2016 France Pierrick Valdivia 112
30%
2010-2011 Mali Sidi Yaya Keita 7
30%
2018-2020 Cap-Vert Steven Fortès 35
30%
2014-2016 Angleterre Taylor Moore 9
30%
2019-2020 France Tony Mauricio 29
30%
2016-2018 France Abdelrafik Gérard 37
26%
2010-2011 Maroc Adil Hermach 31
26%
2015-2016 Cameroun Christian Bekamenga 12
26%
2017-2018 France Clément Chantôme 20
26%
2017-2018 Brésil Dankler 11
26%
2016-2018 Bénin Djiman Koukou 37
26%
2013-2014 Cameroun Edgar Salli 27
26%
2010-2012 Brésil Eduardo 46
26%
2010-2011 Mali Eric Chelle 16
26%
2018-2019 France Fabien Centonze 36
26%
2010-2012 France Franck Queudrue 32
26%
2017-2018 France Frédéric Duplus 25
26%
2016-2017 Burkina Faso Habib Habibou 13
26%
2012-2014 Angola Jérémie Bela 18
26%
2016-2019 France Kévin Fortuné 76
26%
2017-2018 Espagne Lemos 6
26%
2013-2017 France Loïck Landre 79
26%
2010-2011 Portugal Marco Ramos 3
26%
2018-2019 Algérie Mehdi Tahrat 19
26%
2017-2018 Niger Moussa Maâzou 11
26%
2015-2016 Danemark Patrick Olsen 25
26%
2010-2013 Mali Samba Sow 58
26%
2016-2017 France Teddy Chevalier 2
26%
2016-2017 Belgique Viktor Klonaridis 10
26%
2011-2012 France William Rémy 16
26%
2016-2017 Burkina Faso Adama Guira 7
22%
2016-2017 Algérie Akim Zedadka 4
22%
2010-2013 France Alexandre Coeff 47
22%
2017-2018 Australie Alex Gersbach 12
22%
2014-2015 Maroc Alharbi El Jadeyaoui 35
22%
2011-2012 Tunisie Ali Mathlouthi 12
22%
2015-2017 France Anthony Scaramozzino 33
22%
2014-2016 France Aristote Madiani 28
22%
2011-2013 Tunisie Chaouki Ben Saada 35
22%
2019-2020 France Charles Boli 10
22%
2017-2018 Grèce Christos Tasoulis 1
22%
2019-2020 France Corentin Jean 9
22%
2013-2015 France Dimitri Cavaré 21
22%
2012-2013 Israël Firas Mugrabi 1
22%
2010-2011 France Grégory Sertic 23
22%
2015-2016 Sénégal Guirane N'Daw 9
22%
2010-2012 Tunisie Hamdi Kasraoui 22
22%
2017-2018 Croatie Ivan Lendric 9
22%
2015-2016 RD Congo Jordan Ikoko 33
22%
2015-2016 France Joris Delle 20
22%
2010-2011 Côte d'Ivoire Kanga Akalé 30
22%
2016-2017 Afrique du Sud Kermit Erasmus 12
22%
2013-2014 RD Congo Marcel Tisserand 12
22%
2017-2019 France Modibo Sagnan 14
22%
2011-2014 France Nicolas Saint-Ruf 14
22%
2012-2015 France Patrick Fradj 8
22%
2010-2011 Togo Razak Boukari 18
22%
2012-2013 France Rémy Bonne 4
22%
2012-2013, 2014-2015 France Samuel Atrous 3
22%
2010-2011 France Sébastien Roudet 32
22%
2018-2019 Tunisie Seif Teka 11
22%
2015-2016 France Stéphane Besle 13
22%
2010-2011 France Steven Joseph-Monrose 10
22%
2018-2019 France Thierry Ambrose 32
22%
2014-2016 France Valentin Belon 9
22%
2018-2020 Algérie Walid Mesloub 56
22%
2017-2018 France William Bianda 5
22%
2018-2020 Sénégal Yannick Gomis 44
22%
2010-2013 Maroc Zakarya Bergdich 51
22%
2010-2011 France Abdelhakim Omrani 2
17%
2012-2013 France Adama Diakité 8
17%
2011-2012 France Alexandre Cuvillier 11
17%
2012-2013 France Ange-Freddy Plumain 20
17%
2012-2013 France Anthony Rogie 1
17%
2011-2012 Guinée Bengali-Fodé Koita 17
17%
2013-2015 France Benjamin Boulenger 15
17%
2018-2019 Maroc Bilal Bari 1
17%
2017-2018 Côte d'Ivoire Brice Dja Djédjé 11
17%
2019-2020 France Clément Michelin 25
17%
2013-2014 Serbie Danijel Ljuboja 30
17%
2016-2017 Ghana Dan Opare 7
17%
2017-2019 Cameroun Enzo Ebosse 2
17%
2017-2018 Serbie Filip Markovic 21
17%
2016-2018 France Guillaume Beghin 3
17%
2010-2011 Cameroun Henri Bédimo 35
17%
2015-2016 France Jonathan Nanizayamo 19
17%
2012-2013 France Julien Leghait 6
17%
2010-2011 France Kévin Monnet-Paquet 3
17%
2019-2020 France Manuel Perez 20
17%
2011-2012 Algérie Mickaël Fabre 23
17%
2017-2019 France Mouaad Madri 3
17%
2011-2014 France Pierre Ducasse 42
17%
2014-2015 France Quentin Lecoeuche 2
17%
2016-2018 France Thomas Ephestion 21
17%
2019-2020 France Thomas Vincensini 1
17%
2019-2020 Brésil Vitor Costa 1
17%
2010-2011 France Darnel Situ 1
13%
2018-2019 France Grejohn Kyei 20
13%
2017-2018 France Maxence Carlier 3
13%
2016-2017 Algérie Nadjib Baouia 1
13%
2011-2012 France Pascal Berenguer 23
13%
2010-2011 France Romain Sartre 1
13%
2019-2020 France Zakaria Diallo 25
13%
2019-2020 France Cory Sene 1
9%
2011-2012 Vénézuela Gabriel Cichero 8
9%
2011-2012 France Yvan Dzierzynski 1
9%
2017-2018 France Benjamin Gomel 1
4%
2019-2020 Cameroun Benjamin Moukandjo 3
4%
2014-2015 Sénégal Malick Seck 1
4%
2018-2019 Maroc Achraf Bencherki 23
0%
Aucun quiz correspondant
Distribution des résultats
% des personnes avec chaque résultat
Percentile par nombre de réponses
Votre historique - résultats
Vous n’avez pas pris ce quiz